| Tag |
First Indicator |
Second Indicator |
Subfields |
| LEADER |
00000cgm a2200000 i 4500 |
| 001 |
in00005541221 |
| 006 |
m o c |
| 007 |
cr |n||||||||a |
| 007 |
vz |za|z| |
| 008 |
181016s2011 enk038 e o vueng d |
| 005 |
20241201225844.6 |
| 035 |
|
|
|a (OCoLC)on1064834771
|
| 040 |
|
|
|a ALSTP
|b eng
|e rda
|e pn
|c ALSTP
|d OCLCO
|d OCLCF
|d OCLCQ
|d OCLCO
|d UPM
|d OCLCO
|d OCLCQ
|d OCLCL
|d OCLCQ
|d NUI
|d OCLCO
|
| 019 |
|
|
|a 1430878141
|a 1443974244
|
| 035 |
|
|
|a (OCoLC)1064834771
|z (OCoLC)1430878141
|z (OCoLC)1443974244
|
| 043 |
|
|
|a e------
|
| 082 |
1 |
4 |
|a 394.25094
|q OCoLC
|
| 049 |
|
|
|a TXAM
|
| 245 |
0 |
0 |
|a Carnival King of Europe /
|c a film by Giovanni Kezich & Michele Trentini.
|
| 264 |
|
1 |
|a London, England :
|b Royal Anthropological Institute,
|c 2011.
|
| 300 |
|
|
|a 1 online resource (38 min.)
|
| 306 |
|
|
|a 003741
|
| 336 |
|
|
|a two-dimensional moving image
|b tdi
|2 rdacontent
|
| 337 |
|
|
|a computer
|b c
|2 rdamedia
|
| 337 |
|
|
|a video
|b v
|2 rdamedia
|
| 338 |
|
|
|a online resource
|b cr
|2 rdacarrier
|
| 347 |
|
|
|a video file
|2 rda
|
| 490 |
0 |
|
|a Academic Video Online
|
| 500 |
|
|
|a Title from resource description page (viewed October 16, 2018).
|
| 546 |
|
|
|a In English.
|
| 520 |
|
|
|a Award-winning ethnographic caleidoscope featuring over 50 different masquerades of some 13 European countries. Thanks to some careful editing, the underlying structure of European winter masked ritual is made apparent, from fear (Act 1) to ceremony (Act 2: the marital cortege + ritual ploughing) to the burlesque (Act 3), and finally to a sobering Epilogue on the pyre. All winter masquerades in Europe - and there are hundreds all over the continent - seem to bear reference at some level to this single hidden script, and Carnival King of Europe demonstrates it with exceptionally persuasive visuals. Prize-winning in Japan (Grand Prize for Academic Film, Kyoto University Museum Academic Film EXPO 2009) and Armenia (Special Prize by Filmadaran Film Culture Development Organization, Apricot Tree International Ethno Film Festival 2016), the film was also shown to great acclaim at festivals and conferences in Bristol, Binche, Gottingen, Rome, Cadca, Ljubljana, Zagreb, Beograd, Cluj, Moscow and elsewhere.
|
| 650 |
|
0 |
|a Carnival
|z Europe.
|
| 650 |
|
0 |
|a Folk festivals
|z Europe.
|
| 650 |
|
0 |
|a Folklore
|z Europe.
|
| 651 |
|
0 |
|a Europe
|x Social life and customs.
|
| 650 |
|
6 |
|a Carnavals
|z Europe.
|
| 650 |
|
6 |
|a Festivals folkloriques
|z Europe.
|
| 650 |
|
6 |
|a Folklore
|z Europe.
|
| 651 |
|
6 |
|a Europe
|x Mœurs et coutumes.
|
| 650 |
|
7 |
|a Carnival
|2 fast
|
| 650 |
|
7 |
|a Folk festivals
|2 fast
|
| 650 |
|
7 |
|a Folklore
|2 fast
|
| 650 |
|
7 |
|a Manners and customs
|2 fast
|
| 651 |
|
7 |
|a Europe
|2 fast
|1 https://id.oclc.org/worldcat/entity/E39PBJxCxPbbk4CPJDQJb4r6rq
|
| 655 |
|
2 |
|a Documentaries and Factual Films
|
| 655 |
|
7 |
|a documentary film.
|2 aat
|
| 655 |
|
7 |
|a Documentary films
|2 fast
|
| 655 |
|
7 |
|a Ethnographic films
|2 fast
|
| 655 |
|
7 |
|a Documentary films.
|2 lcgft
|
| 655 |
|
7 |
|a Ethnographic films.
|2 lcgft
|
| 655 |
|
7 |
|a Documentaires.
|2 rvmgf
|
| 655 |
|
7 |
|a Films ethnographiques.
|2 rvmgf
|
| 700 |
1 |
|
|a Kezich, Giovanni,
|d 1956-
|e director.
|1 https://id.oclc.org/worldcat/entity/E39PBJckPWYvrTkTdGqYVRWv73
|
| 700 |
1 |
|
|a Trentini, Michele,
|e director.
|
| 710 |
2 |
|
|a Royal Anthropological Institute of Great Britain and Ireland,
|e film distributor.
|
| 758 |
|
|
|i has work:
|a Carnival King of Europe (MovingImage)
|1 https://id.oclc.org/worldcat/entity/E39PCGtYMTkQRJvCGMkTRdtQxC
|4 https://id.oclc.org/worldcat/ontology/hasWork
|
| 856 |
4 |
0 |
|u http://proxy.library.tamu.edu/login?url=https://www.aspresolver.com/aspresolver.asp?MARC;3984011
|z Connect to this streaming video (Alexander Street Press)
|t 0
|
| 955 |
|
|
|a Alexander Street Press subscription streaming video
|
| 994 |
|
|
|a 92
|b TXA
|
| 999 |
f |
f |
|s 0822ca96-e229-477f-939d-b408f55e2fd4
|i 71230409-27ab-4051-b39b-2a33d58121e9
|t 0
|
| 952 |
f |
f |
|a Texas A&M University
|b College Station
|c Electronic Resources
|d Available Online
|t 0
|h Library of Congress classification
|
| 998 |
f |
f |
|t 0
|l Available Online
|